000 00515nam a22001937a 4500
003 KOHA_MİRAKIL
005 20251118091756.0
008 251118b tu ||||| |||| 00| 0 tur d
020 _a9789756053812
040 _aTR-AnABB
_btur
_cTR-AnABB
041 _atur
082 _a327.09561
_bPEK 2007
100 1 _aPekmezci, Necdet,
245 1 0 _aErgenekon /
_cNecdet Pekmezci
260 _aAnkara :
_bElips Kitap,
_c2007
300 _a148 sayfa ;
_c20 cm
650 0 0 _aSiyaset, Türkiye
942 _2ddc
_cBK
999 _c9513
_d9513
900 _bGizem YORULMAZ